000 00271nam a22001097a 4500
008 240711b |||||||| |||| 00| 0 eng d
100 _aSunder, Hashmatrai
_916885
245 _aPyar aur Parikshya
260 _aBombay:
_bBharat Jiwan;
_c1968.
300 _a65p.
942 _cBK
999 _c40037
_d40037